000 00915nam a2200253 a 4500
999 _c11663
_d11663
001 11663
003 BD-JhCC
005 20200715121443.0
008 200715b2011 bg a|||| ||a| 001 0 mul d
020 _a9843000002860
035 _a(BD-JhCC)11663
040 _aBD-JhCC
_dBD-JhCC
041 _amul
082 _a570.9
_bBAN 2011
245 _aবাংলাদেশ উদ্ভিদ ও প্রাণী জ্ঞানকোষ:
_bঅ্যানজিওস্পার্মস মনোকটিলিডনস /
_cঅনু: মোহাম্মদ ইউসুফ ।
260 _aঢাকা:
_bবাংলাদেশ এশিয়াটিক সোসাইটি;
_c২০১১.
300 _a534 p. :
_bill;
_c26 cm.
650 _aBiology
650 _aZoology
650 _aDisctionay
700 _aইউসুফ, মোহাম্মদ
942 _2ddc
_cBK